[Event "Irena Warakomska Memorial B"]
[Site "Suwalki"]
[Date "2020.08.09"]
[Round "5"]
[White "Pietryk, Joanna"]
[Black "Krzastek, Adrian"]
[Result "1-0"]
[Board "22"]
[WhiteElo "1313"]
[WhiteCountry "POL"]
[WhiteFideId "21881308"]
[WhiteEloChange "5"]
[BlackElo "1128"]
[BlackCountry "POL"]
[BlackFideId "21030111"]
[BlackEloChange "-5"]

1. e4 {[%clk 1:30:30]} c5 {[%clk 1:30:30]} 2. Nf3 {[%clk 1:30:30]} d6 {[%clk
1:30:30]} 3. d4 {[%clk 1:30:30]} cxd4 {[%clk 1:30:30]} 4. Nxd4 {[%clk 1:30:30]}
Nf6 {[%clk 1:30:30]} 5. Nc3 {[%clk 1:30:30]} g6 {[%clk 1:30:30]} 6. Bg5 {[%clk
1:30:30]} Bg7 {[%clk 1:30:30]} 7. Bc4 {[%clk 1:30:30]} O-O {[%clk 1:30:30]} 8.
O-O {[%clk 1:30:30]} Bd7 {[%clk 1:30:30]} 9. Qd3 {[%clk 1:30:30]} Nc6 {[%clk
1:30:30]} 10. Nce2 {[%clk 1:30:30]} Ne5 {[%clk 1:30:30]} 11. Qb3 {[%clk 1:30:30]}
Nxc4 {[%clk 1:30:30]} 12. Qxc4 {[%clk 1:30:30]} Nxe4 {[%clk 1:30:30]} 13. Be3
{[%clk 1:30:30]} Rc8 {[%clk 1:30:30]} 14. Qd5 {[%clk 1:30:30]} Nc5 {[%clk
1:30:30]} 15. b4 {[%clk 1:30:30]} Bc6 {[%clk 1:30:30]} 16. Qc4 {[%clk 1:30:30]}
Nd7 {[%clk 1:30:30]} 17. Qb3 {[%clk 1:30:30]} a6 {[%clk 1:30:30]} 18. Rad1 {[%clk
1:30:30]} Ne5 {[%clk 1:30:30]} 19. Nxc6 {[%clk 1:30:30]} Rxc6 {[%clk 1:30:30]}
20. Nd4 {[%clk 1:30:30]} Rc8 {[%clk 1:30:30]} 21. Bg5 {[%clk 1:30:30]} Qc7 {[%clk
1:30:30]} 22. Rfe1 {[%clk 1:30:30]} h6 {[%clk 1:30:30]} 23. Bh4 {[%clk 1:30:30]}
g5 {[%clk 1:30:30]} 24. Bg3 {[%clk 1:30:30]} Ng6 {[%clk 1:30:30]} 25. Nf5 {[%clk
1:30:30]} Bf6 {[%clk 1:30:30]} 26. Nxh6+ {[%clk 1:30:30]} Kh7 {[%clk 1:30:30]}
27. Ng4 {[%clk 1:30:30]} Bg7 {[%clk 1:30:30]} 28. Ne3 {[%clk 1:30:30]} Qc3 {[%clk
1:30:30]} 29. h3 {[%clk 1:30:30]} Qxb3 {[%clk 1:30:30]} 30. cxb3 {[%clk 1:30:30]}
Bc3 {[%clk 1:30:30]} 31. Re2 {[%clk 1:30:30]} Be5 {[%clk 1:30:30]} 32. Bxe5
{[%clk 1:30:30]} Nxe5 {[%clk 1:30:30]} 33. Nf5 {[%clk 1:30:30]} Rfe8 {[%clk
1:30:30]} 34. Re4 {[%clk 1:30:30]} Kg6 {[%clk 1:30:30]} 35. Ne3 {[%clk 1:30:30]}
f5 {[%clk 1:30:30]} 36. Red4 {[%clk 1:30:30]} Nc6 {[%clk 1:30:30]} 37. Rd5 {[%clk
1:30:30]} Nxb4 {[%clk 1:30:30]} 38. Rxf5 {[%clk 1:30:30]} Nxa2 {[%clk 1:30:30]}
39. Rdd5 {[%clk 1:30:30]} Nb4 {[%clk 1:30:30]} 40. Rxg5+ {[%clk 1:30:30]} Kf6
{[%clk 1:30:30]} 41. Ng4+ {[%clk 1:30:30]} Ke6 {[%clk 1:30:30]} 42. Rd4 {[%clk
1:30:30]} Nc6 {[%clk 1:30:30]} 43. Rd3 {[%clk 1:30:30]} Rg8 {[%clk 1:30:30]} 44.
Re3+ {[%clk 1:30:30]} Kd7 {[%clk 1:30:30]} 45. Rh5 {[%clk 1:30:30]} Rh8 {[%clk
1:30:30]} 46. Rg5 {[%clk 1:30:30]} Rhg8 {[%clk 1:30:30]} 47. Rf5 {[%clk 1:30:30]}
Rgf8 {[%clk 1:30:30]} 48. Rxf8 {[%clk 1:30:30]} Rxf8 {[%clk 1:30:30]} 49. h4
{[%clk 1:30:30]} Ke8 {[%clk 1:30:30]} 50. h5 {[%clk 1:30:30]} Kf7 {[%clk
1:30:30]} 51. Kh2 {[%clk 1:30:30]} Rh8 {[%clk 1:30:30]} 52. h6 {[%clk 1:30:30]}
Kg6 {[%clk 1:30:30]} 53. Kg3 {[%clk 1:30:30]} Nd4 {[%clk 1:30:30]} 54. Kf4 {[%clk
1:30:30]} Rh7 {[%clk 1:30:30]} 55. f3 {[%clk 1:30:30]} e5+ {[%clk 1:30:30]} 56.
Ke4 {[%clk 1:30:30]} Nf5 {[%clk 1:30:30]} 57. Rd3 {[%clk 1:30:30]} a5 {[%clk
1:30:30]} 58. Rd5 {[%clk 1:30:30]} b6 {[%clk 1:30:30]} 59. f4 {[%clk 1:30:30]}
Ng3+ {[%clk 1:30:30]} 60. Kf3 {[%clk 1:30:30]} Nf5 {[%clk 1:30:30]} 61. fxe5
{[%clk 1:30:30]} dxe5 {[%clk 1:30:30]} 62. Nxe5+ {[%clk 1:30:30]} Kxh6 {[%clk
1:30:30]} 63. Nc4 {[%clk 1:30:30]} Rf7 {[%clk 1:30:30]} 64. Kg4 {[%clk 1:30:30]}
Kg6 {[%clk 1:30:30]} 65. Ne5+ {[%clk 1:30:30]} 1-0

[Event "Irena Warakomska Memorial B"]
[Site "Suwalki"]
[Date "2020.08.09"]
[Round "5"]
[White "Gladyszewska, Kinga"]
[Black "Wisniewski, Wiktor"]
[Result "1-0"]
[Board "23"]
[WhiteElo "1298"]
[WhiteCountry "POL"]
[WhiteFideId "21881677"]
[WhiteEloChange "4"]
[BlackElo "1075"]
[BlackCountry "POL"]
[BlackFideId "1196294"]
[BlackEloChange "-4"]

1. d4 {[%clk 1:30:30]} d5 {[%clk 1:30:30]} 2. c4 {[%clk 1:30:30]} e6 {[%clk
1:30:30]} 3. Nf3 {[%clk 1:30:30]} c5 {[%clk 1:30:30]} 4. cxd5 {[%clk 1:30:30]}
exd5 {[%clk 1:30:30]} 5. Bf4 {[%clk 1:30:30]} Nc6 {[%clk 1:30:30]} 6. e3 {[%clk
1:30:30]} Nf6 {[%clk 1:30:30]} 7. Nc3 {[%clk 1:30:30]} Bf5 {[%clk 1:30:30]} 8.
Be2 {[%clk 1:30:30]} c4 {[%clk 1:30:30]} 9. O-O {[%clk 1:30:30]} Bb4 {[%clk
1:30:30]} 10. Ne5 {[%clk 1:30:30]} Bxc3 {[%clk 1:30:30]} 11. bxc3 {[%clk
1:30:30]} O-O {[%clk 1:30:30]} 12. f3 {[%clk 1:30:30]} Qe7 {[%clk 1:30:30]} 13.
g4 {[%clk 1:30:30]} Bg6 {[%clk 1:30:30]} 14. Qe1 {[%clk 1:30:30]} Nxe5 {[%clk
1:30:30]} 15. Bxe5 {[%clk 1:30:30]} Nd7 {[%clk 1:30:30]} 16. Bf4 {[%clk 1:30:30]}
b5 {[%clk 1:30:30]} 17. Qg3 {[%clk 1:30:30]} f5 {[%clk 1:30:30]} 18. h3 {[%clk
1:30:30]} Kh8 {[%clk 1:30:30]} 19. e4 {[%clk 1:30:30]} fxe4 {[%clk 1:30:30]} 20.
Bd6 {[%clk 1:30:30]} Qe6 {[%clk 1:30:30]} 21. Bxf8 {[%clk 1:30:30]} Rxf8 {[%clk
1:30:30]} 22. fxe4 {[%clk 1:30:30]} Qxe4 {[%clk 1:30:30]} 23. Rxf8+ {[%clk
1:30:30]} Nxf8 {[%clk 1:30:30]} 24. Qf3 {[%clk 1:30:30]} Qe7 {[%clk 1:30:30]} 25.
Rf1 {[%clk 1:30:30]} Ne6 {[%clk 1:30:30]} 26. Qxd5 {[%clk 1:30:30]} Qh4 {[%clk
1:30:30]} 27. Qa8+ {[%clk 1:30:30]} 1-0

[Event "Irena Warakomska Memorial B"]
[Site "Suwalki"]
[Date "2020.08.09"]
[Round "5"]
[White "Walendykiewicz, Martyna"]
[Black "Kolcon, Waclaw"]
[Result "1/2-1/2"]
[Board "24"]
[WhiteElo "1181"]
[WhiteCountry "POL"]
[WhiteFideId "21832927"]
[WhiteEloChange "2"]
[BlackElo "1235"]
[BlackCountry "POL"]
[BlackFideId "21079129"]
[BlackEloChange "-2"]

1. e4 {[%clk 1:30:30]} c5 {[%clk 1:30:30]} 2. Nf3 {[%clk 1:30:30]} e6 {[%clk
1:30:30]} 3. d4 {[%clk 1:30:30]} cxd4 {[%clk 1:30:30]} 4. Nxd4 {[%clk 1:30:30]}
a6 {[%clk 1:30:30]} 5. Nc3 {[%clk 1:30:30]} Qc7 {[%clk 1:30:30]} 6. a3 {[%clk
1:30:30]} b5 {[%clk 1:30:30]} 7. Bd3 {[%clk 1:30:30]} Nf6 {[%clk 1:30:30]} 8. O-O
{[%clk 1:30:30]} Be7 {[%clk 1:30:30]} 9. Bg5 {[%clk 1:30:30]} Bb7 {[%clk
1:30:30]} 10. Re1 {[%clk 1:30:30]} d6 {[%clk 1:30:30]} 11. Nf3 {[%clk 1:30:30]}
Nbd7 {[%clk 1:30:30]} 12. Rc1 {[%clk 1:30:30]} O-O {[%clk 1:30:30]} 13. Ne2
{[%clk 1:30:30]} Nb6 {[%clk 1:30:30]} 14. Ng3 {[%clk 1:30:30]} Nc4 {[%clk
1:30:30]} 15. Bxc4 {[%clk 1:30:30]} Qxc4 {[%clk 1:30:30]} 16. Qd3 {[%clk
1:30:30]} Rac8 {[%clk 1:30:30]} 17. Qxc4 {[%clk 1:30:30]} Rxc4 {[%clk 1:30:30]}
18. Nd2 {[%clk 1:30:30]} Rc7 {[%clk 1:30:30]} 19. c3 {[%clk 1:30:30]} h6 {[%clk
1:30:30]} 20. Bxf6 {[%clk 1:30:30]} Bxf6 {[%clk 1:30:30]} 21. Nf3 {[%clk
1:30:30]} Rfc8 {[%clk 1:30:30]} 22. Red1 {[%clk 1:30:30]} Be7 {[%clk 1:30:30]}
23. Rd3 {[%clk 1:30:30]} d5 {[%clk 1:30:30]} 24. e5 {[%clk 1:30:30]} a5 {[%clk
1:30:30]} 25. Ne2 {[%clk 1:30:30]} Bc6 {[%clk 1:30:30]} 26. Nfd4 {[%clk 1:30:30]}
Bd7 {[%clk 1:30:30]} 27. h3 {[%clk 1:30:30]} Rb7 {[%clk 1:30:30]} 1/2-1/2

[Event "Irena Warakomska Memorial B"]
[Site "Suwalki"]
[Date "2020.08.09"]
[Round "5"]
[White "Borowik, Grzegorz"]
[Black "Wiszniewska, Gabriela"]
[Result "0-1"]
[Board "25"]
[WhiteElo "1089"]
[WhiteCountry "POL"]
[WhiteFideId "21846413"]
[WhiteEloChange "-7"]
[BlackElo "1194"]
[BlackCountry "POL"]
[BlackFideId "21860513"]
[BlackEloChange "7"]

1. d4 {[%clk 1:30:30]} d5 {[%clk 1:30:30]} 2. c4 {[%clk 1:30:30]} e6 {[%clk
1:30:30]} 3. Nc3 {[%clk 1:30:30]} Nf6 {[%clk 1:30:30]} 4. Nf3 {[%clk 1:30:30]}
Nbd7 {[%clk 1:30:30]} 5. cxd5 {[%clk 1:30:30]} Nxd5 {[%clk 1:30:30]} 6. e4 {[%clk
1:30:30]} N5f6 {[%clk 1:30:30]} 7. Be2 {[%clk 1:30:30]} Bb4 {[%clk 1:30:30]} 8.
O-O {[%clk 1:30:30]} Bxc3 {[%clk 1:30:30]} 9. bxc3 {[%clk 1:30:30]} Nxe4 {[%clk
1:30:30]} 10. Qc2 {[%clk 1:30:30]} Nef6 {[%clk 1:30:30]} 11. Ba3 {[%clk 1:30:30]}
b6 {[%clk 1:30:30]} 12. Bb5 {[%clk 1:30:30]} Bb7 {[%clk 1:30:30]} 13. Ne5 {[%clk
1:30:30]} a6 {[%clk 1:30:30]} 14. Bc6 {[%clk 1:30:30]} Bxc6 {[%clk 1:30:30]} 15.
Nxc6 {[%clk 1:30:30]} Qc8 {[%clk 1:30:30]} 16. Rfe1 {[%clk 1:30:30]} Qb7 {[%clk
1:30:30]} 17. Qa4 {[%clk 1:30:30]} b5 {[%clk 1:30:30]} 18. Na5 {[%clk 1:30:30]}
Qb6 {[%clk 1:30:30]} 19. Qb3 {[%clk 1:30:30]} Qxa5 {[%clk 1:30:30]} 20. d5 {[%clk
1:30:30]} O-O-O {[%clk 1:30:30]} 21. dxe6 {[%clk 1:30:30]} fxe6 {[%clk 1:30:30]}
22. Rxe6 {[%clk 1:30:30]} Rhe8 {[%clk 1:30:30]} 23. Bb4 {[%clk 1:30:30]} Qa4
{[%clk 1:30:30]} 24. Qxa4 {[%clk 1:30:30]} bxa4 {[%clk 1:30:30]} 25. Rxa6 {[%clk
1:30:30]} Nb6 {[%clk 1:30:30]} 26. a3 {[%clk 1:30:30]} Nfd5 {[%clk 1:30:30]} 27.
Ra5 {[%clk 1:30:30]} Nxb4 {[%clk 1:30:30]} 28. axb4 {[%clk 1:30:30]} Rd5 {[%clk
1:30:30]} 29. g3 {[%clk 1:30:30]} Ree5 {[%clk 1:30:30]} 30. Rxd5 {[%clk 1:30:30]}
Rxd5 {[%clk 1:30:30]} 31. c4 {[%clk 1:30:30]} Nxc4 {[%clk 1:30:30]} 32. Rxa4
{[%clk 1:30:30]} Nb6 {[%clk 1:30:30]} 33. Ra3 {[%clk 1:30:30]} Rb5 {[%clk
1:30:30]} 34. Rf3 {[%clk 1:30:30]} Rxb4 {[%clk 1:30:30]} 35. Rf7 {[%clk 1:30:30]}
Rg4 {[%clk 1:30:30]} 36. f4 {[%clk 1:30:30]} Nd7 {[%clk 1:30:30]} 37. Re7 {[%clk
1:30:30]} Rg6 {[%clk 1:30:30]} 38. Kf2 {[%clk 1:30:30]} c5 {[%clk 1:30:30]} 39.
Kf3 {[%clk 1:30:30]} Kd8 {[%clk 1:30:30]} 40. Re4 {[%clk 1:30:30]} Rc6 {[%clk
1:30:30]} 41. Ke3 {[%clk 1:30:30]} Nf6 {[%clk 1:30:30]} 42. Ra4 {[%clk 1:30:30]}
Ng4+ {[%clk 1:30:30]} 43. Kd3 {[%clk 1:30:30]} Nxh2 {[%clk 1:30:30]} 44. f5
{[%clk 1:30:30]} Ke7 {[%clk 1:30:30]} 45. Rh4 {[%clk 1:30:30]} Rh6 {[%clk
1:30:30]} 46. Re4+ {[%clk 1:30:30]} Kf6 {[%clk 1:30:30]} 47. g4 {[%clk 1:30:30]}
g6 {[%clk 1:30:30]} 48. Re6+ {[%clk 1:30:30]} Kg5 {[%clk 1:30:30]} 49. f6 {[%clk
1:30:30]} Rh3+ {[%clk 1:30:30]} 50. Ke4 {[%clk 1:30:30]} Rf3 {[%clk 1:30:30]} 51.
Re5+ {[%clk 1:30:30]} Kxf6 {[%clk 1:30:30]} 52. g5+ {[%clk 1:30:30]} Kf7 {[%clk
1:30:30]} 53. Rxc5 {[%clk 1:30:30]} Kg7 {[%clk 1:30:30]} 54. Rc7+ {[%clk
1:30:30]} Rf7 {[%clk 1:30:30]} 55. Rc2 {[%clk 1:30:30]} Nf3 {[%clk 1:30:30]} 56.
Rc5 {[%clk 1:30:30]} Nxg5+ {[%clk 1:30:30]} 57. Rxg5 {[%clk 1:30:30]} h6 {[%clk
1:30:30]} 58. Rc5 {[%clk 1:30:30]} h5 {[%clk 1:30:30]} 59. Rc6 {[%clk 1:30:30]}
h4 {[%clk 1:30:30]} 0-1

[Event "Irena Warakomska Memorial B"]
[Site "Suwalki"]
[Date "2020.08.09"]
[Round "5"]
[White "Zawal, Tomasz"]
[Black "Dietrich, Pawel"]
[Result "0-1"]
[Board "27"]
[WhiteElo "1106"]
[WhiteCountry "POL"]
[WhiteFideId "21895724"]
[WhiteEloChange "-8"]
[BlackElo "1184"]
[BlackCountry "POL"]
[BlackFideId "21023182"]
[BlackEloChange "8"]

1. d4 {[%clk 1:30:30]} d5 {[%clk 1:30:30]} 2. Bf4 {[%clk 1:30:30]} e6 {[%clk
1:30:30]} 3. e3 {[%clk 1:30:30]} Nf6 {[%clk 1:30:30]} 4. Nf3 {[%clk 1:30:30]} c5
{[%clk 1:30:30]} 5. c3 {[%clk 1:30:30]} Nc6 {[%clk 1:30:30]} 6. Bd3 {[%clk
1:30:30]} Qb6 {[%clk 1:30:30]} 7. Qb3 {[%clk 1:30:30]} c4 {[%clk 1:30:30]} 8.
Qxb6 {[%clk 1:30:30]} axb6 {[%clk 1:30:30]} 9. Bc2 {[%clk 1:30:30]} Be7 {[%clk
1:30:30]} 10. O-O {[%clk 1:30:30]} b5 {[%clk 1:30:30]} 11. Nbd2 {[%clk 1:30:30]}
b4 {[%clk 1:30:30]} 12. e4 {[%clk 1:30:30]} bxc3 {[%clk 1:30:30]} 13. bxc3 {[%clk
1:30:30]} Ra3 {[%clk 1:30:30]} 14. Nb1 {[%clk 1:30:30]} Ra5 {[%clk 1:30:30]} 15.
Nbd2 {[%clk 1:30:30]} O-O {[%clk 1:30:30]} 16. Rfb1 {[%clk 1:30:30]} Ra3 {[%clk
1:30:30]} 17. Rb2 {[%clk 1:30:30]} Rxc3 {[%clk 1:30:30]} 18. Nb1 {[%clk 1:30:30]}
Ba3 {[%clk 1:30:30]} 19. Nxa3 {[%clk 1:30:30]} Rxa3 {[%clk 1:30:30]} 20. Bd6
{[%clk 1:30:30]} Rc3 {[%clk 1:30:30]} 21. Bxf8 {[%clk 1:30:30]} dxe4 {[%clk
1:30:30]} 22. Nd2 {[%clk 1:30:30]} Nxd4 {[%clk 1:30:30]} 23. Bxe4 {[%clk
1:30:30]} Kxf8 {[%clk 1:30:30]} 24. Bxb7 {[%clk 1:30:30]} Bxb7 {[%clk 1:30:30]}
25. Rxb7 {[%clk 1:30:30]} Rc2 {[%clk 1:30:30]} 26. Nf3 {[%clk 1:30:30]} Ne2+
{[%clk 1:30:30]} 27. Kf1 {[%clk 1:30:30]} c3 {[%clk 1:30:30]} 28. a4 {[%clk
1:30:30]} Ne4 {[%clk 1:30:30]} 29. a5 {[%clk 1:30:30]} Nf4 {[%clk 1:30:30]} 30.
Rd1 {[%clk 1:30:30]} Rxf2+ {[%clk 1:30:30]} 31. Kg1 {[%clk 1:30:30]} Rxg2+ {[%clk
1:30:30]} 32. Kf1 {[%clk 1:30:30]} g5 {[%clk 1:30:30]} 33. Rb4 {[%clk 1:30:30]}
c2 {[%clk 1:30:30]} 34. Rc1 {[%clk 1:30:30]} Rf2+ {[%clk 1:30:30]} 35. Kg1 {[%clk
1:30:30]} Ne2+ {[%clk 1:30:30]} 36. Kh1 {[%clk 1:30:30]} Nxc1 {[%clk 1:30:30]}
37. Rxe4 {[%clk 1:30:30]} Nd3 {[%clk 1:30:30]} 38. Rc4 {[%clk 1:30:30]} c1=Q+
{[%clk 1:30:30]} 39. Rxc1 {[%clk 1:30:30]} Nxc1 {[%clk 1:30:30]} 0-1

[Event "Irena Warakomska Memorial B"]
[Site "Suwalki"]
[Date "2020.08.09"]
[Round "5"]
[White "Maliszewski, Stefan"]
[Black "Kaznowska, Kinga"]
[Result "1/2-1/2"]
[Board "31"]
[WhiteElo "1083"]
[WhiteCountry "POL"]
[WhiteFideId "21000034"]
[WhiteEloChange "-2"]
[BlackElo "1007"]
[BlackCountry "POL"]
[BlackFideId "21816638"]
[BlackEloChange "2"]

1. e4 {[%clk 1:30:30]} e5 {[%clk 1:30:30]} 2. Nf3 {[%clk 1:30:30]} Nc6 {[%clk
1:30:30]} 3. Bb5 {[%clk 1:30:30]} a6 {[%clk 1:30:30]} 4. Ba4 {[%clk 1:30:30]} Nf6
{[%clk 1:30:30]} 5. O-O {[%clk 1:30:30]} b5 {[%clk 1:30:30]} 6. Bb3 {[%clk
1:30:30]} d5 {[%clk 1:30:30]} 7. exd5 {[%clk 1:30:30]} Nxd5 {[%clk 1:30:30]} 8.
Re1 {[%clk 1:30:30]} Bg4 {[%clk 1:30:30]} 9. h3 {[%clk 1:30:30]} Be6 {[%clk
1:30:30]} 10. Nxe5 {[%clk 1:30:30]} Nxe5 {[%clk 1:30:30]} 11. Rxe5 {[%clk
1:30:30]} Be7 {[%clk 1:30:30]} 12. Re1 {[%clk 1:30:30]} O-O {[%clk 1:30:30]} 13.
Nc3 {[%clk 1:30:30]} Nxc3 {[%clk 1:30:30]} 14. dxc3 {[%clk 1:30:30]} Qxd1 {[%clk
1:30:30]} 15. Rxd1 {[%clk 1:30:30]} Bxb3 {[%clk 1:30:30]} 16. cxb3 {[%clk
1:30:30]} Bd6 {[%clk 1:30:30]} 17. Be3 {[%clk 1:30:30]} Rfe8 {[%clk 1:30:30]} 18.
c4 {[%clk 1:30:30]} bxc4 {[%clk 1:30:30]} 19. bxc4 {[%clk 1:30:30]} Be5 {[%clk
1:30:30]} 20. Bd4 {[%clk 1:30:30]} f6 {[%clk 1:30:30]} 21. Bxe5 {[%clk 1:30:30]}
Rxe5 {[%clk 1:30:30]} 22. Re1 {[%clk 1:30:30]} Rxe1+ {[%clk 1:30:30]} 23. Rxe1
{[%clk 1:30:30]} Kf7 {[%clk 1:30:30]} 24. g4 {[%clk 1:30:30]} Rd8 {[%clk
1:30:30]} 25. Re2 {[%clk 1:30:30]} Rd4 {[%clk 1:30:30]} 26. b3 {[%clk 1:30:30]}
a5 {[%clk 1:30:30]} 27. a4 {[%clk 1:30:30]} Rd3 {[%clk 1:30:30]} 28. Re3 {[%clk
1:30:30]} Rxe3 {[%clk 1:30:30]} 29. fxe3 {[%clk 1:30:30]} Ke6 {[%clk 1:30:30]}
30. Kf2 {[%clk 1:30:30]} c5 {[%clk 1:30:30]} 31. Kf3 {[%clk 1:30:30]} Ke5 {[%clk
1:30:30]} 32. h4 {[%clk 1:30:30]} g6 {[%clk 1:30:30]} 33. Kf2 {[%clk 1:30:30]}
Ke4 {[%clk 1:30:30]} 34. Ke2 {[%clk 1:30:30]} h6 {[%clk 1:30:30]} 35. h5 {[%clk
1:30:30]} gxh5 {[%clk 1:30:30]} 36. gxh5 {[%clk 1:30:30]} f5 {[%clk 1:30:30]} 37.
Kf2 {[%clk 1:30:30]} f4 {[%clk 1:30:30]} 38. exf4 {[%clk 1:30:30]} Kxf4 {[%clk
1:30:30]} 39. Ke2 {[%clk 1:30:30]} Ke4 {[%clk 1:30:30]} 40. Kd2 {[%clk 1:30:30]}
Kd4 {[%clk 1:30:30]} 41. Kc2 {[%clk 1:30:30]} 1/2-1/2

[Event "Irena Warakomska Memorial B"]
[Site "Suwalki"]
[Date "2020.08.09"]
[Round "5"]
[White "Peksa, Piotr"]
[Black "Staroszczyk, Mateusz"]
[Result "0-1"]
[Board "32"]
[WhiteElo "1018"]
[WhiteCountry "POL"]
[WhiteFideId "21893659"]
[WhiteEloChange "-2"]
[BlackElo "1984"]
[BlackCountry "POL"]
[BlackFideId "1132539"]
[BlackEloChange "2"]

1. e4 {[%clk 1:30:30]} c5 {[%clk 1:30:30]} 2. Nf3 {[%clk 1:30:30]} e6 {[%clk
1:30:30]} 3. d4 {[%clk 1:30:30]} cxd4 {[%clk 1:30:30]} 4. Nxd4 {[%clk 1:30:30]}
a6 {[%clk 1:30:30]} 5. Nc3 {[%clk 1:30:30]} Bc5 {[%clk 1:30:30]} 6. Be3 {[%clk
1:30:30]} d6 {[%clk 1:30:30]} 7. Qd2 {[%clk 1:30:30]} Nf6 {[%clk 1:30:30]} 8. f3
{[%clk 1:30:30]} Qc7 {[%clk 1:30:30]} 9. Nb3 {[%clk 1:30:30]} Bb4 {[%clk
1:30:30]} 10. Be2 {[%clk 1:30:30]} O-O {[%clk 1:30:30]} 11. h4 {[%clk 1:30:30]}
d5 {[%clk 1:30:30]} 12. Qd4 {[%clk 1:30:30]} Nc6 {[%clk 1:30:30]} 13. Qb6 {[%clk
1:30:30]} Qe5 {[%clk 1:30:30]} 14. Bd2 {[%clk 1:30:30]} dxe4 {[%clk 1:30:30]} 15.
f4 {[%clk 1:30:30]} Qf5 {[%clk 1:30:30]} 16. Rg1 {[%clk 1:30:30]} Bxc3 {[%clk
1:30:30]} 17. bxc3 {[%clk 1:30:30]} Nd5 {[%clk 1:30:30]} 18. Qf2 {[%clk 1:30:30]}
e3 {[%clk 1:30:30]} 19. Bxe3 {[%clk 1:30:30]} Qxc2 {[%clk 1:30:30]} 20. c4 {[%clk
1:30:30]} Nxe3 {[%clk 1:30:30]} 21. Qxe3 {[%clk 1:30:30]} e5 {[%clk 1:30:30]} 22.
Bd3 {[%clk 1:30:30]} exf4 {[%clk 1:30:30]} 23. Bxc2 {[%clk 1:30:30]} fxe3 {[%clk
1:30:30]} 24. g4 {[%clk 1:30:30]} Ne5 {[%clk 1:30:30]} 25. g5 {[%clk 1:30:30]}
Nf3+ {[%clk 1:30:30]} 26. Ke2 {[%clk 1:30:30]} Nxg1+ {[%clk 1:30:30]} 27. Rxg1
{[%clk 1:30:30]} Re8 {[%clk 1:30:30]} 28. h5 {[%clk 1:30:30]} Bd7 {[%clk
1:30:30]} 29. g6 {[%clk 1:30:30]} hxg6 {[%clk 1:30:30]} 30. hxg6 {[%clk 1:30:30]}
fxg6 {[%clk 1:30:30]} 31. Bxg6 {[%clk 1:30:30]} Re5 {[%clk 1:30:30]} 32. Nd4
{[%clk 1:30:30]} Rf8 {[%clk 1:30:30]} 33. Nf3 {[%clk 1:30:30]} Ra5 {[%clk
1:30:30]} 34. Kxe3 {[%clk 1:30:30]} Ra3+ {[%clk 1:30:30]} 35. Kd4 {[%clk
1:30:30]} Rfxf3 {[%clk 1:30:30]} 36. Rh1 {[%clk 1:30:30]} Rxa2 {[%clk 1:30:30]}
37. Bh7+ {[%clk 1:30:30]} Kf8 {[%clk 1:30:30]} 38. Be4 {[%clk 1:30:30]} Rf4
{[%clk 1:30:30]} 39. Ke5 {[%clk 1:30:30]} Rxe4+ {[%clk 1:30:30]} 40. Kxe4 {[%clk
1:30:30]} Bc6+ {[%clk 1:30:30]} 41. Kd4 {[%clk 1:30:30]} Bxh1 {[%clk 1:30:30]}
42. c5 {[%clk 1:30:30]} g5 {[%clk 1:30:30]} 43. Ke5 {[%clk 1:30:30]} Rf2 {[%clk
1:30:30]} 44. Kd4 {[%clk 1:30:30]} g4 {[%clk 1:30:30]} 45. Ke3 {[%clk 1:30:30]}
g3 {[%clk 1:30:30]} 46. Kd4 {[%clk 1:30:30]} g2 {[%clk 1:30:30]} 47. Ke5 {[%clk
1:30:30]} g1=Q {[%clk 1:30:30]} 48. Kd6 {[%clk 1:30:30]} Rd2+ {[%clk 1:30:30]}
49. Kc7 {[%clk 1:30:30]} Qxc5+ {[%clk 1:30:30]} 50. Kb8 {[%clk 1:30:30]} Rd8#
{[%clk 1:30:30]} 0-1

[Event "Irena Warakomska Memorial B"]
[Site "Suwalki"]
[Date "2020.08.09"]
[Round "5"]
[White "Zapalowska, Wiktoria"]
[Black "Zalega, Joanna"]
[Result "1/2-1/2"]
[Board "33"]
[WhiteElo "1250"]
[WhiteCountry "POL"]
[WhiteFideId "21895708"]
[WhiteEloChange "-5"]
[BlackElo "1072"]
[BlackCountry "POL"]
[BlackFideId "21847843"]
[BlackEloChange "5"]

1. d4 {[%clk 1:30:30]} Nf6 {[%clk 1:30:30]} 2. Bf4 {[%clk 1:30:30]} e6 {[%clk
1:30:30]} 3. e3 {[%clk 1:30:30]} b6 {[%clk 1:30:30]} 4. Nf3 {[%clk 1:30:30]} Bb7
{[%clk 1:30:30]} 5. Be2 {[%clk 1:30:30]} Be7 {[%clk 1:30:30]} 6. h3 {[%clk
1:30:30]} O-O {[%clk 1:30:30]} 7. O-O {[%clk 1:30:30]} d6 {[%clk 1:30:30]} 8. c4
{[%clk 1:30:30]} Nbd7 {[%clk 1:30:30]} 9. Nc3 {[%clk 1:30:30]} Re8 {[%clk
1:30:30]} 10. Rc1 {[%clk 1:30:30]} Nf8 {[%clk 1:30:30]} 11. Qc2 {[%clk 1:30:30]}
Ng6 {[%clk 1:30:30]} 12. Bh2 {[%clk 1:30:30]} Rc8 {[%clk 1:30:30]} 13. Rfd1
{[%clk 1:30:30]} Nd7 {[%clk 1:30:30]} 14. a3 {[%clk 1:30:30]} Bf6 {[%clk
1:30:30]} 15. b4 {[%clk 1:30:30]} Qe7 {[%clk 1:30:30]} 16. Ne4 {[%clk 1:30:30]}
e5 {[%clk 1:30:30]} 17. d5 {[%clk 1:30:30]} Ba6 {[%clk 1:30:30]} 18. a4 {[%clk
1:30:30]} Nh4 {[%clk 1:30:30]} 19. Nxf6+ {[%clk 1:30:30]} Qxf6 {[%clk 1:30:30]}
20. Qe4 {[%clk 1:30:30]} Nxf3+ {[%clk 1:30:30]} 21. Qxf3 {[%clk 1:30:30]} Qxf3
{[%clk 1:30:30]} 22. Bxf3 {[%clk 1:30:30]} f5 {[%clk 1:30:30]} 23. e4 {[%clk
1:30:30]} f4 {[%clk 1:30:30]} 24. g3 {[%clk 1:30:30]} g5 {[%clk 1:30:30]} 25. Bg4
{[%clk 1:30:30]} Rcd8 {[%clk 1:30:30]} 26. h4 {[%clk 1:30:30]} h6 {[%clk
1:30:30]} 27. hxg5 {[%clk 1:30:30]} hxg5 {[%clk 1:30:30]} 28. gxf4 {[%clk
1:30:30]} gxf4 {[%clk 1:30:30]} 29. Kg2 {[%clk 1:30:30]} Nf6 {[%clk 1:30:30]} 30.
Bf5 {[%clk 1:30:30]} Bc8 {[%clk 1:30:30]} 31. Bxc8 {[%clk 1:30:30]} Rxc8 {[%clk
1:30:30]} 32. f3 {[%clk 1:30:30]} Kf7 {[%clk 1:30:30]} 33. Kf2 {[%clk 1:30:30]}
Rg8 {[%clk 1:30:30]} 34. Rg1 {[%clk 1:30:30]} Rxg1 {[%clk 1:30:30]} 35. Bxg1
{[%clk 1:30:30]} c6 {[%clk 1:30:30]} 36. dxc6 {[%clk 1:30:30]} Rxc6 {[%clk
1:30:30]} 37. Ke2 {[%clk 1:30:30]} Nd7 {[%clk 1:30:30]} 38. Kd3 {[%clk 1:30:30]}
a6 {[%clk 1:30:30]} 39. Rc3 {[%clk 1:30:30]} Ke6 {[%clk 1:30:30]} 40. Bf2 {[%clk
1:30:30]} Rc7 {[%clk 1:30:30]} 41. Rc2 {[%clk 1:30:30]} Rc8 {[%clk 1:30:30]} 42.
Rc1 {[%clk 1:30:30]} Rh8 {[%clk 1:30:30]} 43. c5 {[%clk 1:30:30]} dxc5 {[%clk
1:30:30]} 44. bxc5 {[%clk 1:30:30]} bxc5 {[%clk 1:30:30]} 45. Bxc5 {[%clk
1:30:30]} Nxc5+ {[%clk 1:30:30]} 46. Rxc5 {[%clk 1:30:30]} Rd8+ {[%clk 1:30:30]}
47. Kc4 {[%clk 1:30:30]} 1/2-1/2